| 000 | 00954nam a2200217 a 4500 | ||
|---|---|---|---|
| 001 | 000215334 | ||
| 003 | AM-YeHGA | ||
| 005 | 20250617161120.0 | ||
| 008 | 030329s1965 ||||||||||||||||||||rus|c | ||
| 040 | _aAM-YeHGA | ||
| 245 | 0 | 0 |
_aЯкутия / _cАН СССР. Ин-т географии, Ин-т географии Сибири и Дальнего Востока; Редкол.: И.П. Герасимов и др. |
| 260 |
_aМосква : _bНаука, _c1965. |
||
| 300 | _a468 с. | ||
| 440 | 0 | _aПриродные условия и естественные ресурсы СССР | |
| 650 | 1 | 4 |
_aФизическая география _zЯкутия |
| 700 | 1 |
_aГерасимов, И.П. _eред. _4edt |
|
| 700 | 1 |
_aКоржуев, С.С. _eред. _4edt |
|
| 710 | 2 | _aИнститут географии АН СССР | |
| 710 | 2 | _aИнститут географии Сибири и Дальнего Востока | |
| 090 | _c469014 | ||
| 999 |
_c465811 _d465811 |
||